MARC

LEADER 00000nam0a2200000 4500
001 320519
005 20231102003304.0
035 |a (RuTPU)RU\TPU\book\346050 
090 |a 320519 
100 |a 20160711d1936 m y0rusy50 ca 
101 0 |a rus 
102 |a RU 
105 |a a z 001zb 
200 1 |a Давид  |f А. Н. Замятина 
210 |a Ленинград  |c Изогиз  |d 1936 
215 |a 123 с.  |c ил. 
320 |a Имен. указ.: с. 112-118 
320 |a Библиогр.: с. 119 
320 |a Список репродукций: с. 120-122 
600 1 |a Давид  |b Ж. Л.  |c французский живописец  |f 1748-1825  |g Жак Луи  |2 stltpush  |3 (RuTPU)RU\TPU\pers\11980  |9 3088 
606 1 |a Живописцы  |2 stltpush  |3 (RuTPU)RU\TPU\subj\10834  |9 37852 
610 1 |a изобразительное искусство 
610 1 |a живопись 
610 1 |a история 
610 1 |a французская живопись 
610 1 |a 18 век 
610 1 |a 19 век 
610 1 |a жизнь 
610 1 |a творчество 
610 1 |a биографии 
675 |a 75.071(092)  |v 4 
700 1 |a Замятина  |b А. Н. 
801 1 |a RU  |b 63413507  |c 20160711 
801 2 |a RU  |b 63413507  |c 20200908  |g RCR 
942 |c BK